| 000 | 00455nam a2200169Ia 4500 | ||
|---|---|---|---|
| 999 |
_c2530 _d2530 |
||
| 008 | 141014s9999||||xx |||||||||||||| ||und|| | ||
| 010 | _a2380 | ||
| 020 | _aS/ISBN | ||
| 040 | _aANE | ||
| 041 | _aEs | ||
| 082 | _a345.99866 E17 | ||
| 110 | _aEcuador, Gobierno | ||
| 245 |
_aCódigo de Enjuiciamiento en Materia Civil de la República del Ecuador _cEcuador, Gobierno |
||
| 250 | _aS/E | ||
| 260 |
_aEcuador _c1899 |
||
| 300 |
_a204 p _c23 cm |
||
| 650 | _aDerecho Civil | ||
| 942 |
_cBK _2ddc _zNr. |
||